Tennis - Joueurs ayant battu Carlos Alcaraz au moins 2 fois - Statistiques

Statistiques générales
  • Ce quiz a été pris 285 fois
    70 depuis la dernière actualisation
  • Le résultat moyen est 11 sur 15
Statistiques - réponses
Nationalité Joueurs Nombre de victoires Année de la dernière victoire % Correct
Italie Jannik Sinner 7 2026
100%
Serbie Novak Djokovic 5 2025
98%
Allemagne Alexander Zverev 6 2024
95%
Russie Daniil Medvedev 3 2026
90%
Espagne Rafael Nadal 2 2022
89%
Danemark Holger Rune 2 2025
81%
Canada Félix Auger-Aliassime 3 2022
76%
Bulgarie Grigor Dimitrov 2 2024
76%
Royaume-Uni Jack Draper 2 2025
76%
Belgique David Goffin 2 2025
68%
Royaume-Uni Cameron Norrie 3 2025
66%
Etats-Unis Sebastian Korda 2 2026
65%
Etats-Unis Tommy Paul 2 2023
53%
Suède Mikael Ymer 2 2021
52%
Brésil Thiago Monteiro 2 2024
40%
Aucun quiz correspondant
Distribution des résultats
% des personnes avec chaque résultat
Percentile par nombre de réponses
Votre historique - résultats
Vous n’avez pas pris ce quiz depuis la dernière actualisation